书目信息 |
| 题名: |
大数据技术与应用基础
|
|
| 作者: | 刘红英 , 刘博 , 李韵琴 编著 | |
| 分册: | ||
| 出版信息: | 北京 海洋出版社 2016.06 |
|
| 页数: | 211页 | |
| 开本: | 24cm | |
| 丛书名: | ||
| 单 册: | ||
| 中图分类: | TP274 , P235 | |
| 科图分类: | ||
| 主题词: | 数据处理 , 摄影测量法 | |
| 电子资源: | ||
| ISBN: | 978-7-5027-8927-5 | |
| 000 | 00944nam0 2200265 450 | |
| 001 | 3721 | |
| 005 | 20181008134932.38 | |
| 010 | @a978-7-5027-8927-5@dCNY45.00 | |
| 100 | @a20160704d2016 em y0chiy50 ea | |
| 101 | 0 | @achi |
| 102 | @aCN@b110000 | |
| 105 | @ay z 000yy | |
| 200 | 1 | @a大数据技术与应用基础@9da shu ju ji shu yu ying yong ji chu@b专著@f刘红英,刘博,李韵琴编著 |
| 210 | @a北京@c海洋出版社@d2016.06 | |
| 215 | @a211页@d24cm | |
| 330 | @a本书全面讲述了大数据技术与应用相关的基础概念和知识,着重介绍了大数据的国内外发展状况、技术架构以及大数据分析的基础知识、数据分析、挖掘的流程、方法、工具等,并选择了一个数据分析、挖掘软件作为实例进行了重点说明。 | |
| 606 | 0 | @a数据处理 |
| 606 | 0 | @a摄影测量法 |
| 690 | @aTP274@v5 | |
| 690 | @aP235@v4 | |
| 701 | 0 | @a刘红英@9liu hong ying@4编著 |
| 701 | 0 | @a刘博@9liu bo@4编著 |
| 701 | 0 | @a李韵琴@9li yun qin@4编著 |
| 801 | 0 | @aCN@b91MARC@c20160705 |
| 905 | @aMuseLib@dP235@e271 | |
| 大数据技术与应用基础/刘红英,刘博,李韵琴编著.-北京:海洋出版社,2016.06 |
| 211页;24cm |
| ISBN 978-7-5027-8927-5:CNY45.00 |
| 本书全面讲述了大数据技术与应用相关的基础概念和知识,着重介绍了大数据的国内外发展状况、技术架构以及大数据分析的基础知识、数据分析、挖掘的流程、方法、工具等,并选择了一个数据分析、挖掘软件作为实例进行了重点说明。 |
| ● |
| 相关链接 |
|
|
|
|
正题名:大数据技术与应用基础
索取号:P235/271
 
预约/预借
| 序号 | 登录号 | 条形码 | 馆藏地/架位号 | 状态 | 备注 |
| 1 | 1123397 | 211233976 | 第二样本阅览室/ [索取号:P235/271] | 在馆 | |
| 2 | 1123398 | 211233985 | 第三借阅区/ [索取号:P235/271] | 在馆 | |
| 3 | 1123399 | 211233994 | 第三借阅区/ [索取号:P235/271] | 在馆 | |
| 4 | 1123400 | 211234001 | 第三借阅区/ [索取号:P235/271] | 在馆 | |
| 5 | 1123401 | 211234010 | 密集书库-生命科学系/ [索取号:P235/271] | 在馆 |